| 000 | 00627nam a2200205 i 4500 | ||
|---|---|---|---|
| 001 | 30640 | ||
| 003 | ES-MaACL | ||
| 005 | 20230906154229.0 | ||
| 007 | t| | ||
| 008 | 030127s1970 sp ||||1| spa d | ||
| 080 | _a929 Laguna, Andrés | ||
| 100 | 1 |
_aBataillon, Marcel. _926396 |
|
| 245 | 1 | 0 |
_aPolítica y literatura en el Doctor Laguna / _cMarcel Bataillon. |
| 260 |
_aMadrid : _bUniversidad, _c1970. |
||
| 300 |
_a52 p., 1 lám. ; _c19 cm. |
||
| 594 | _aPrecede al tít.: Lección Marañón | ||
| 600 | 1 | 4 |
_aLaguna, Andrés de. _969617 |
| 710 | 2 |
_aUniversidad Complutense de Madrid. _97098 |
|
| 852 | 4 |
_aES-MaACL _jC-49503 |
|
| 999 |
_c30640 _d30640 |
||